Warszawa Bielany - Ulice na mapie - Statystyki

Ogólne statystyki
  • Ten quiz został rozwiązany 74 razy
    63 od ostatniego zresetowania
  • Średni wynik to 15 z 44
Odpowiedzi na mapie
Odpowiedzi zakodowano w zielono-czerwonej skali na mapie do tego quizu, zgodnie z poniższymi procentami.
 
Statystyki odpowiedzi
Droga Nazwa % Poprawnych
Ulica Marymoncka
74%
Ulica Żeromskiego
64%
Ulica Conrada
59%
Ulica Broniewskiego
56%
Aleja Aleja Reymonta
54%
Ulica Kasprowicza
54%
Ulica Sokratesa
54%
Ulica Wólczyńska
54%
Ulica Wrzeciono
49%
Ulica Gwiaździsta
46%
Ulica Nocznickiego
44%
Ulica Przy Agorze
44%
Ulica Romaszewskiego
44%
Ulica Kochanowskiego
36%
Ulica Wybrzeże Gdyńskie
36%
Ulica Bogusławskiego
33%
Ulica Podleśna
33%
Ulica Wolumen
33%
Ulica Aspekt
31%
Ulica Dewajtis
31%
Ulica Klaudyny
31%
Ulica Kwitnąca
31%
Ulica Lindego
31%
Ulica Perzyńskiego
31%
Ulica Maczka
28%
Ulica Zgrupowania AK "Kampinos"
28%
Aleja Aleja Zjednoczenia
26%
Ulica Estrady
26%
Ulica Pułkowa
26%
Aleja Aleja Wittek
23%
Ulica Księżycowa
23%
Ulica Mickiewicza
23%
Most Most Skłodowskiej-Curie
23%
Ulica Rudnickiego
23%
Ulica Rudzka
21%
Ulica Wóycickiego
21%
Ulica Jarzębskiego
18%
Ulica Podczaszyńskiego
18%
Ulica Słowackiego
18%
Ulica Arkuszowa
15%
Ulica Sacharowa
15%
Ulica Galla Anonima
13%
Ulica Hłaski
10%
Ulica Lektykarska
8%
Nie znaleziono quizów pasujących do podanych kryteriów
Rozkład punktacji
Procent ludzi z każdym wynikiem
Percentyl według liczby udzielonych odpowiedzi
Twoja historia wyników
Nie rozwiązałeś tego quizu od ostatniego zresetowania